WEST ASIA - Map Quiz - Statistics

General Stats
  • This quiz has been taken 1,931 times
  • The average score is 13 of 20
Answers on the Map
Answers color-coded by a green-red scale on the quiz's map according to % correct below.
 
Answer Stats
Answer % Correct
turkey
80%
saudi arabia
76%
oman
72%
iran
70%
egypt
69%
yemen
69%
israel
67%
cyprus
66%
azerbaijan
64%
jordan
64%
armenia
62%
iraq
62%
palestine
61%
syria
61%
Georgia
60%
uae
60%
lebanon
59%
kuwait
56%
qatar
55%
bahrain
53%
No matching quizzes found
Score Distribution
Percent of People with Each Score
Percentile by Number Answered
Your Score History
You have not taken this quiz